000 00543nam a2200181 i 4500
001 28539
003 ES-MaACL
005 20230906153858.0
007 t|
008 030117m19631969sp ||||1| spa d
100 1 _aBarandiarán, Gaizka de.
_925308
245 1 0 _aDanzas de euskalerri /
_cGaizka de Barandiarán.
260 _aSan Sebastián :
_bAuñamendi,
_c[1963-69]
300 _a2 v. :
_bil. ;
_c19 cm.
500 _aSon los vol. I y III.
650 4 _aBailes populares-
_zPaís Vasco.
_9154647
852 _aES-MaACL
_jP-662-Ter
_bR.53096
999 _c28539
_d28539